| 000 | 00657nam a22002057a 4500 | ||
|---|---|---|---|
| 005 | 20251108172722.0 | ||
| 008 | 250721s1999 xx 000 0 ara d | ||
| 082 | 1 | 4 | _a218.6/غني |
| 100 | 1 |
_aالغنيمي، عبد الآخر حماد _eمؤلف |
|
| 245 | 1 | 0 | _aمصطلحات ومفاهيم / |
| 264 | 1 |
_aبيروت : _bدار البيارق، _c1999. |
|
| 300 | _a160ص | ||
| 650 | 1 | 7 | _aالحقوق المدنية والسياسية |
| 650 | 1 | 7 | _aالعلوم السياسية |
| 650 | 1 | 7 | _aالديموقراطية |
| 650 | 1 | 7 | _aالمذاهب السياسية |
| 650 | 1 | 7 | _aمعاجم المفردات |
| 942 |
_2ddc _cBK |
||
| 999 |
_c86770 _d86770 |
||